000 01036nam a2200241 a 4500
001 BRCA_2261
005 20190320203732.0
008 810903s1940----mx-a---##c---#000-0#spa-#
040 _aDLC
_cCarP
_dDLC
050 4 _aNA5256.H5
_b.C38 1940
245 1 0 _aCatálogo de construcciones religiosas del estado de Hidalgo
_bformado por la Comisión de Inventarios de la Primera Zona 1929-1932
_cIngeniero en jefe Luis Azcue y Mancera ; introducción de Manuel Toussaint ; recopilación de Justino Fernández.
260 _aMéxico
_bTalleres Gráficos de la Nación
_c1940-1942
300 _a2 v.
_bil., láminas, mapas, planos
_c35 cm.
500 _aIncluye índice general por municipios
504 _aIncluye referencias bibliográficas
650 1 4 _aIglesias
_zMéxico
_94471
650 1 4 _aArquitectuta religiosa
_zMéxico
_96789
650 1 4 _aArquitectura religiosa
_xDiseños y planos
_96790
700 1 _aFernández, Justino
_d1904-
_96791
700 1 _aAzcue y Mancera, Luis
_96792
700 1 _aToussaint, Manuel
_96793
942 _2lcc
_cB
999 _c2010
_d2010